000 00517nam a22002057a 4500
003 OSt
005 20140310182818.0
008 130302t xxu||||| |||| 00| 0 eng d
020 _a9712704343
050 _aQA 459
_b.K14 1995
082 _aM 516
_bK12 1995
245 _aGeometry /
_cKalin, Robert
260 _aPasig City
_bAnvil Publishing Inc.
_c1995
300 _axii, 645 p. :
_c23 cm
521 _acollege students
526 _c1210L-1700L
541 _j1
562 _e1
942 _2lcc
_cBK
_kM
999 _c16333
_d16333